000 00296nam a2200109 4500
008 160702b xxu||||| |||| 00| 0 eng d
100 _91780
_a Shankar, G
245 _aEnglish Grammer & Composition
260 _aNEW DELHI
_bArya
_c2004
300 _aEnglish Grammer & Composition
942 _2ddc
_cBK
999 _c1484
_d1484